| 000 | 00595nam a2200169Ia 4500 | ||
|---|---|---|---|
| 003 | IN-BaIIA | ||
| 008 | 211028s9999 xx 000 0 eng d | ||
| 040 | _cIIA Library | ||
| 080 |
_a523.7 _bICSU |
||
| 110 |
_aInternational council of scientific unions special committee _913816 |
||
| 245 | 0 |
_aInternational magnetospheric study 1976-1977 _cInternational council of scientific unions special committee |
|
| 260 |
_aColorado _bWorld Data Center _c1978 |
||
| 300 | _a[various pagings.] | ||
| 650 | _aAstronomy and astrophysics thesaurus | ||
| 650 |
_aSolar terrestrial physics _95220 |
||
| 942 | _cBK | ||
| 999 |
_c8235 _d8235 |
||